| 000 | 00423nam a22001697a 4500 | ||
|---|---|---|---|
| 003 | OSt | ||
| 005 | 20211227094046.0 | ||
| 008 | 211227b |||||||| |||| 00| 0 eng d | ||
| 020 | _a9788183562089 | ||
| 040 | _cHU | ||
| 082 | _a371.100820954GAN 2007 | ||
| 100 |
_a Ganihar, Noorjehan N _925307 |
||
| 245 | _aGender issues and women empowerment | ||
| 260 | _c2007 | ||
| 300 |
_a232P _bHC _c22cm |
||
| 942 |
_2ddc _cBOOKS _n0 |
||
| 999 |
_c24225 _d24225 |
||